[Event "Madrid-ch Previa-B"]
[Site "Madrid"]
[Date "2020.02.15"]
[Round "5"]
[White "Ocana Lameiro, Oliver"]
[Black "Garcia Serrano, Jose Manuel1111"]
[Result "1/2-1/2"]
[WhiteElo "1992"]
[BlackElo "1863"]
[PlyCount "66"]
[EventDate "2020.02.06"]
[EventType "swiss"]
[EventRounds "9"]
[EventCountry "ESP"]
[SourceTitle "CBM 195 Extra"]
[Source "ChessBase"]
[SourceDate "2020.05.31"]
[SourceVersion "1"]
[SourceVersionDate "2020.05.31"]
[SourceQuality "1"]

1. c4 e5 2. Nc3 Nf6 3. Nf3 Nc6 4. d4 exd4 5. Nxd4 Bc5 6. Nb3 Be7 7. Nd5 d6 8. g3 Bf5 9. Bg2 Qd7 10. Nd4 Nxd4 11. Qxd4 Bd8 12. 0-0 c6 13. Nc3 Bb6 14. Qd2 0-0-0 15. a4 Bh3 16. a5 Bxg2 17. Kxg2 Bc7 18. Qd4 Bb8 19. Bg5 Rde8 20. Bxf6 gxf6 21. Qxf6 Rhg8 22. a6 b6 23. Qf3 Rg4 24. e4 Reg8 25. Rh1 Qe6 26. Rac1 Kd8 27. b3 R8g6 28. Rcd1 Rf6 29. Qe2 Rh6 30. h3 Rg5 31. f4 Ra5 32. b4 Rxa6 33. c5 Ra3 1/2-1/2

[Event "Benidorm op U2000 17th"]
[Site "Benidorm"]
[Date "2018.12.03"]
[Round "4"]
[White "Ocana Lameiro, Oliver"]
[Black "Gochev, Plamen"]
[Result "0-1"]
[WhiteElo "1995"]
[BlackElo "1930"]
[PlyCount "98"]
[EventDate "2018.11.30"]
[EventType "swiss"]
[EventRounds "10"]
[EventCountry "ESP"]
[SourceTitle "EXT 2022"]
[Source "ChessBase"]
[SourceDate "2021.10.06"]
[SourceVersion "1"]
[SourceVersionDate "2021.10.06"]
[SourceQuality "1"]

1. c4 Nf6 2. Nc3 e5 3. Nf3 d6 4. d4 exd4 5. Nxd4 Bd7 6. g3 Nc6 7. Bg2 Be7 8. 0-0 0-0 9. b3 Qc8 10. Bb2 Ne5 11. Nd5 Bd8 12. Nf3 Re8 13. Nxe5 dxe5 14. Nxf6+ Bxf6 15. f4 Bh3 16. Bxh3 Qxh3 17. f5 Rad8 18. Qc2 h5 19. e4 Qg4 20. Rf2 Be7 21. c5 Bg5 22. Bc1 Rd1+ 23. Rf1 Rxf1+ 24. Kxf1 Bxc1 25. Rxc1 Qf3+ 26. Kg1 Qe3+ 27. Kf1 Rd8 28. Re1 Qf3+ 29. Kg1 Rd4 30. Qe2 Qc3 31. Kf1 Qxc5 32. Qxh5 Rd2 33. Re2 Qc1+ 34. Kg2 Qd1 35. Kf2 Rxa2 36. Qf3 Rxe2+ 37. Qxe2 Qxb3 38. Kg2 Qb4 39. f6 Qb6 40. fxg7 Kxg7 41. Qg4+ Qg6 42. Qe2 c5 43. h4 Qe6 44. g4 c4 45. g5 c3 46. h5 b5 47. Kg3 b4 48. h6+ Kh7 49. Qd1 Qg6 0-1

[Event "Benidorm op U2000 17th"]
[Site "Benidorm"]
[Date "2018.12.02"]
[Round "3"]
[White "Ocana Lameiro, Oliver"]
[Black "Yanev, Yordan"]
[Result "1-0"]
[WhiteElo "1995"]
[BlackElo "1878"]
[PlyCount "49"]
[EventDate "2018.11.30"]
[EventType "swiss"]
[EventRounds "10"]
[EventCountry "ESP"]
[SourceTitle "EXT 2022"]
[Source "ChessBase"]
[SourceDate "2021.10.06"]
[SourceVersion "1"]
[SourceVersionDate "2021.10.06"]
[SourceQuality "1"]

1. c4 Nf6 2. Nc3 e6 3. e4 d5 4. e5 d4 5. exf6 dxc3 6. bxc3 Qxf6 7. d4 b6 8. Be2 Bb7 9. Bf3 Bxf3 10. Nxf3 Bd6 11. Qa4+ c6 12. 0-0 0-0 13. Re1 Qf5 14. Ba3 b5 15. Qb3 Bxa3 16. Qxa3 bxc4 17. Ne5 Rd8 18. Qe7 Rf8 19. Qb7 f6 20. Nf3 Qb5 21. Qxa8 Na6 22. Qxa7 Rf7 23. a4 Qa5 24. Qa8+ Rf8 25. Qxc6 1-0

[Event "Madrid-ch Previa-B"]
[Site "Madrid"]
[Date "2017.02.03"]
[Round "2"]
[White "Fernandez Estremera, Fernando"]
[Black "Ocana Lameiro, Oliver"]
[Result "1-0"]
[WhiteElo "1793"]
[BlackElo "1982"]
[PlyCount "111"]
[EventDate "2017.02.02"]
[EventType "swiss"]
[EventRounds "9"]
[EventCountry "ESP"]
[SourceTitle "EXT 2018"]
[Source "ChessBase"]
[SourceDate "2017.10.13"]
[SourceVersion "1"]
[SourceVersionDate "2017.10.13"]
[SourceQuality "1"]

1. d4 Nf6 2. c4 e5 3. dxe5 Ng4 4. Bf4 Bc5 5. e3 Bb4+ 6. Nc3 Bxc3+ 7. bxc3 Nh6 8. Bxh6 gxh6 9. h4 Nc6 10. Qh5 Qe7 11. Qxh6 Qa3 12. Ne2 Qc5 13. Nd4 Qxe5 14. Bd3 b6 15. Nxc6 Qxc3+ 16. Ke2 Qb2+ 17. Kf3 dxc6 18. Qxc6+ Ke7 19. Qxc7+ Bd7 20. Bf5 Qf6 21. Qxd7+ Kf8 22. Rad1 Kg7 23. Qd4 Rad8 24. Qxf6+ Kxf6 25. Bc2 Rc8 26. Bb3 h5 27. Rd6+ Ke7 28. Rhd1 Rc7 29. R6d4 Rg8 30. Ba4 Kf6 31. Bb5 a6 32. Bxa6 Ra8 33. Rd6+ Ke7 34. Rxb6 Rca7 35. Rdd6 Rg8 36. a4 Rg4 37. g3 Rc7 38. Bb5 Rc5 39. Rd7+ Kf8 40. Rd5 Rc7 41. Rxh5 Rg6 42. Rxg6 fxg6 43. Rh8+ Kg7 44. Rb8 g5 45. hxg5 Kg6 46. a5 Rf7+ 47. Ke2 Kxg5 48. a6 Ra7 49. Rb7 Ra8 50. a7 Kg4 51. Rg7+ Kh3 52. Bc6 Kh2 53. Bxa8 Kg1 54. Rg8 Kh2 55. Rh8+ Kg1 56. Rh1# 1-0

[Event "Madrid-ch final"]
[Site "Madrid"]
[Date "2016.06.08"]
[Round "3"]
[White "Rojas Pozo, Jose Luis"]
[Black "Ocana Lameiro, Oliver"]
[Result "1-0"]
[WhiteElo "1992"]
[BlackElo "2028"]
[PlyCount "83"]
[EventDate "2016.06.06"]
[EventType "swiss"]
[EventRounds "7"]
[EventCountry "ESP"]
[SourceTitle "CBM 172 Extra"]
[Source "ChessBase"]
[SourceDate "2016.06.21"]
[SourceVersion "1"]
[SourceVersionDate "2016.06.21"]
[SourceQuality "1"]

1. e4 c6 2. d4 d5 3. exd5 cxd5 4. c4 e6 5. Nf3 Nf6 6. Bg5 Be7 7. Nc3 Nc6 8. c5 Ne4 9. Bxe7 Qxe7 10. Bb5 Nxc3 11. bxc3 0-0 12. 0-0 Bd7 13. Qe2 Rab8 14. a4 b6 15. cxb6 axb6 16. Rfe1 Rfc8 17. c4 dxc4 18. Bxc4 Na5 19. Bd3 Qf6 20. Ne5 Be8 21. Qe4 g6 22. Ba6 Rd8 23. Red1 Qf5 24. Qe3 f6 25. Bd3 Qg5 26. f4 Qh6 27. Ng4 Qg7 28. Qxe6+ Bf7 29. Nxf6+ Kh8 30. Qe5 Nc6 31. Qg5 Nxd4 32. Ng4 Ne6 33. Qe5 Ra8 34. Nh6 Bg8 35. Nxg8 Qxe5 36. fxe5 Rxg8 37. Bc4 Rge8 38. Rd6 Nc5 39. e6 Rxa4 40. Rxa4 Nxa4 41. Bb5 Ra8 42. e7 1-0

[Event "Madrid-ch final"]
[Site "Madrid"]
[Date "2016.06.07"]
[Round "2"]
[White "Ocana Lameiro, Oliver"]
[Black "Casares Ripoll, Fernando"]
[Result "1/2-1/2"]
[WhiteElo "2028"]
[BlackElo "2139"]
[PlyCount "69"]
[EventDate "2016.06.06"]
[EventType "swiss"]
[EventRounds "7"]
[EventCountry "ESP"]
[SourceTitle "CBM 172 Extra"]
[Source "ChessBase"]
[SourceDate "2016.06.21"]
[SourceVersion "1"]
[SourceVersionDate "2016.06.21"]
[SourceQuality "1"]

1. d4 d5 2. c4 c5 3. Nf3 cxd4 4. Nxd4 e5 5. Nf3 d4 6. e3 Nc6 7. exd4 exd4 8. a3 Be7 9. h3 Bf6 10. Bd3 Nge7 11. 0-0 0-0 12. Nbd2 g6 13. Ne4 Bg7 14. Ng3 h6 15. b4 Be6 16. Re1 Rc8 17. Bb2 Qd7 18. Rc1 Nf5 19. Nxf5 Bxf5 20. Bxf5 Qxf5 21. b5 Na5 22. Qa4 b6 23. Bxd4 Bxd4 24. Nxd4 Qc5 25. Nb3 Nxb3 26. Qxb3 Rfe8 27. Rxe8+ Rxe8 28. Qd3 Rc8 29. Qe3 Qxe3 30. fxe3 Kg7 31. Kf2 Kf6 32. Ke2 Ke5 33. Kd3 f5 34. a4 g5 35. Rc2 1/2-1/2

[Event "Madrid-ch sf-B"]
[Site "Madrid"]
[Date "2016.03.12"]
[Round "5"]
[White "Ocana Lameiro, Oliver"]
[Black "Quispe Arteaga, Gabriel"]
[Result "1/2-1/2"]
[WhiteElo "1953"]
[BlackElo "2059"]
[PlyCount "84"]
[EventDate "2016.03.03"]
[EventType "swiss"]
[EventRounds "9"]
[EventCountry "ESP"]
[SourceTitle "EXT 2017"]
[Source "ChessBase"]
[SourceDate "2016.10.25"]
[SourceVersion "1"]
[SourceVersionDate "2016.10.25"]
[SourceQuality "1"]

1. Nf3 d5 2. c4 e6 3. d4 Nf6 4. g3 c5 5. Bg2 Nc6 6. 0-0 Be7 7. Nc3 dxc4 8. Qa4 0-0 9. dxc5 Bxc5 10. Qxc4 Bb6 11. Rd1 Qe7 12. Bf4 e5 13. Bg5 Be6 14. Qh4 h6 15. Bxf6 Qxf6 16. Qxf6 gxf6 17. Ne4 Rfd8 18. Nxf6+ Kg7 19. Ne4 Rxd1+ 20. Rxd1 Rd8 21. Rxd8 Bxd8 22. a3 Be7 23. Nc3 f5 24. e4 fxe4 25. Nxe4 a6 26. Nc3 b5 27. b4 a5 28. bxa5 b4 29. axb4 Bxb4 30. Nd1 Bxa5 31. Ne3 Bc7 32. Nh4 Nd4 33. h3 Bd8 34. Nf3 Nxf3+ 35. Bxf3 Bb6 36. Kg2 Kf6 37. Bg4 Bxe3 38. fxe3 Bxg4 39. hxg4 e4 40. Kh2 Kg6 41. Kg2 Kf6 42. Kh2 Kg6 1/2-1/2

[Event "Madrid-ch Previa-B"]
[Site "Madrid"]
[Date "2016.02.27"]
[Round "9"]
[White "Camarero Izquierdo, Juan Carlos"]
[Black "Ocana Lameiro, Oliver"]
[Result "0-1"]
[WhiteElo "1833"]
[BlackElo "1932"]
[PlyCount "96"]
[EventDate "2016.02.04"]
[EventType "swiss"]
[EventRounds "9"]
[EventCountry "ESP"]
[SourceTitle "CBM 171 Extra"]
[Source "ChessBase"]
[SourceDate "2016.04.26"]
[SourceVersion "1"]
[SourceVersionDate "2016.04.26"]
[SourceQuality "1"]

1. d4 d5 2. Nc3 Nf6 3. Bg5 c5 4. Nf3 cxd4 5. Nxd4 e5 6. Bxf6 gxf6 7. Nf3 d4 8. Ne4 Qb6 9. Rb1 f5 10. Ned2 Nc6 11. a3 e4 12. Ng5 h6 13. Nh3 Be6 14. g3 Ba2 15. Ra1 Qxb2 16. Bg2 Bxa3 17. 0-0 Nb4 18. Nxe4 fxe4 19. Bxe4 0-0-0 20. Qd2 Qc3 21. Qf4 Qc7 22. Qf3 Bb2 23. Rad1 Bd5 24. Bxd5 Nxd5 25. e3 Qd7 26. Nf4 Nxf4 27. Qxf4 h5 28. exd4 h4 29. g4 h3 30. d5 Rhg8 31. f3 f5 32. g5 Bf6 33. Qc4+ Qc7 34. Qxc7+ Kxc7 35. f4 Be7 36. Rf3 Rh8 37. Rdd3 Bd6 38. c4 Rh4 39. Rxh3 Rxf4 40. Rh7+ Rd7 41. Rxd7+ Kxd7 42. h3 Ke7 43. Rc3 b6 44. Kg2 Kf7 45. Re3 Re4 46. Kf3 Rxe3+ 47. Kxe3 Kg6 48. h4 a5 0-1

[Event "Madrid-ch Previa-B"]
[Site "Madrid"]
[Date "2016.02.13"]
[Round "5"]
[White "Sirera Ripoll, Jose Luis"]
[Black "Ocana Lameiro, Oliver"]
[Result "1/2-1/2"]
[WhiteElo "1807"]
[BlackElo "1932"]
[PlyCount "76"]
[EventDate "2016.02.04"]
[EventType "swiss"]
[EventRounds "9"]
[EventCountry "ESP"]
[SourceTitle "CBM 171 Extra"]
[Source "ChessBase"]
[SourceDate "2016.04.26"]
[SourceVersion "1"]
[SourceVersionDate "2016.04.26"]
[SourceQuality "1"]

1. e4 c6 2. d4 d5 3. exd5 cxd5 4. Bd3 Nf6 5. c3 Nc6 6. Bf4 g6 7. Nd2 Bg7 8. Ngf3 Nh5 9. Be3 0-0 10. 0-0 e5 11. dxe5 Nxe5 12. Be2 Ng4 13. Bd4 Nf4 14. Bxg7 Kxg7 15. Re1 Qb6 16. Nd4 Nxe2+ 17. Rxe2 Qxb2 18. Ne4 Qa3 19. Nb5 Qa5 20. Qxd5 Rd8 21. Qb3 Be6 22. c4 a6 23. Qb2+ Kg8 24. Nbd6 Qe5 25. Qxe5 Nxe5 26. c5 Rab8 27. Rb1 Nc4 28. f3 Nxd6 29. Nxd6 b6 30. Reb2 b5 31. a4 Rxd6 32. cxd6 Rd8 33. axb5 axb5 34. Rxb5 Rxd6 35. Kf2 Rd2+ 36. Kg3 h5 37. R1b2 Rd3 38. Kf4 Kg7 1/2-1/2

[Event "Madrid-ch Previa-B"]
[Site "Madrid"]
[Date "2016.02.04"]
[Round "1"]
[White "Tapia Sanchez, Jose Manuel"]
[Black "Ocana Lameiro, Oliver"]
[Result "0-1"]
[WhiteElo "1699"]
[BlackElo "1932"]
[PlyCount "30"]
[EventDate "2016.02.04"]
[EventType "swiss"]
[EventRounds "9"]
[EventCountry "ESP"]
[SourceTitle "CBM 171 Extra"]
[Source "ChessBase"]
[SourceDate "2016.04.26"]
[SourceVersion "1"]
[SourceVersionDate "2016.04.26"]
[SourceQuality "1"]

1. e4 c6 2. Nf3 d5 3. exd5 cxd5 4. d4 Nf6 5. g3 Nc6 6. Bg2 Bg4 7. a3 e6 8. h3 Bh5 9. g4 Bg6 10. Bg5 Be7 11. Nbd2 Qb6 12. Nb3 a5 13. a4 Nb4 14. 0-0 Bxc2 15. Qc1 Bxb3 0-1

[Event "Madrid-ch Previa-B"]
[Site "Madrid"]
[Date "2014.03.08"]
[Round "3"]
[White "Garcia Serrano, Jose Manuel1111"]
[Black "Ocana Lameiro, Oliver"]
[Result "1-0"]
[WhiteElo "1835"]
[BlackElo "2046"]
[PlyCount "105"]
[EventDate "2014.03.06"]
[EventType "swiss"]
[EventRounds "9"]
[EventCountry "ESP"]
[SourceTitle "CBM 159 Extra"]
[Source "ChessBase"]
[SourceDate "2014.04.24"]
[SourceVersion "1"]
[SourceVersionDate "2014.04.24"]
[SourceQuality "1"]

1. e4 e5 2. f4 d5 3. exd5 e4 4. d3 Nf6 5. dxe4 Nxe4 6. Nf3 Bc5 7. Qe2 f5 8. Nc3 0-0 9. Nxe4 fxe4 10. Qxe4 Nd7 11. Bd2 Nf6 12. Qc4 Qxd5 13. Qxd5+ Nxd5 14. Bc4 Re8+ 15. Ne5 Be6 16. 0-0-0 c6 17. Rde1 b5 18. Bb3 a5 19. Nxc6 a4 20. Rxe6 axb3 21. Rxe8+ Rxe8 22. cxb3 Rc8 23. Ne5 Be3+ 24. Kd1 Bxf4 25. Bxf4 Nxf4 26. g3 Nd5 27. a3 Re8 28. Re1 Rf8 29. Re2 Ne7 30. Nd7 Rf7 31. a4 bxa4 32. bxa4 g6 33. Ne5 Rf1+ 34. Kc2 Ra1 35. b3 Ra2+ 36. Kd3 Ra1 37. Kc4 Nf5 38. Kc5 Kf8 39. Nc4 Rd1 40. a5 Nd4 41. Rb2 Ke7 42. a6 Ne6+ 43. Kb6 Ra1 44. a7 Kd7 45. Kb7 Nd8+ 46. Kb6 Kc8 47. Na5 Rxa5 48. Kxa5 Kb7 49. Rd2 Nc6+ 50. Ka4 h5 51. Rd7+ Ka8 52. Rg7 Ne5 53. Ka5 1-0

[Event "Madrid-ch sf-A"]
[Site "Madrid"]
[Date "2012.04.25"]
[Round "9"]
[White "Ocana Lameiro, Oliver"]
[Black "Ciuro Munoz, Ricardo"]
[Result "1-0"]
[WhiteElo "2002"]
[BlackElo "2110"]
[PlyCount "94"]
[EventDate "2012.04.10"]
[EventType "swiss"]
[EventRounds "9"]
[EventCountry "ESP"]
[SourceTitle "CBM 148 Extra"]
[Source "ChessBase"]
[SourceDate "2012.06.22"]
[SourceVersion "1"]
[SourceVersionDate "2012.06.22"]
[SourceQuality "1"]

1. d4 Nf6 2. Bg5 e6 3. Nd2 d5 4. e3 Be7 5. Ngf3 Nbd7 6. Bd3 c5 7. c3 h6 8. Bh4 b6 9. 0-0 a5 10. Qe2 0-0 11. e4 Ra7 12. e5 Nh7 13. Bxe7 Qxe7 14. Ne1 cxd4 15. cxd4 Nb8 16. f4 Ba6 17. Bxa6 Nxa6 18. a3 Qd7 19. Nef3 b5 20. Rfc1 Rb8 21. Nb3 a4 22. Nc5 Nxc5 23. dxc5 b4 24. Nd4 Nf8 25. c6 Qc7 26. Kh1 Ra5 27. axb4 Rxb4 28. Qd2 Rb8 29. b3 a3 30. b4 Raa8 31. b5 Ng6 32. g3 Ne7 33. Qb4 Qb6 34. Rc3 Nf5 35. Nxf5 exf5 36. c7 Rc8 37. Qc5 Qxc5 38. Rxc5 Ra5 39. Rxa3 Rxa3 40. b6 Rb3 41. Rxd5 Kh7 42. Rd8 Rxb6 43. Rxc8 Rc6 44. Kg2 g5 45. Kf2 Kg7 46. Ke3 f6 47. exf6+ Kxf6 1-0

[Event "Madrid-ch sf-A"]
[Site "Madrid"]
[Date "2012.04.24"]
[Round "8"]
[White "Spitzer Isbert, Ramon"]
[Black "Ocana Lameiro, Oliver"]
[Result "0-1"]
[WhiteElo "2046"]
[BlackElo "2002"]
[PlyCount "110"]
[EventDate "2012.04.10"]
[EventType "swiss"]
[EventRounds "9"]
[EventCountry "ESP"]
[SourceTitle "CBM 148 Extra"]
[Source "ChessBase"]
[SourceDate "2012.06.22"]
[SourceVersion "1"]
[SourceVersionDate "2012.06.22"]
[SourceQuality "1"]

1. Nf3 d5 2. c4 d4 3. e3 c5 4. b4 cxb4 5. exd4 e6 6. Bb2 Nf6 7. Bd3 Be7 8. 0-0 0-0 9. Re1 b6 10. a3 Nc6 11. Bf1 Bb7 12. g3 a5 13. Bg2 bxa3 14. Nxa3 Nb4 15. d3 Nd7 16. Nb5 Nb8 17. d5 exd5 18. Rxe7 Qxe7 19. Nh4 f5 20. Qf3 g6 21. Bc3 Nd7 22. Re1 Qc5 23. Nd4 Rae8 24. Ne6 Qd6 25. Nxf8 Rxe1+ 26. Bxe1 Nxf8 27. Bc3 Nd7 28. Qe3 d4 29. Qe8+ Qf8 30. Qe6+ Qf7 31. Qxf7+ Kxf7 32. Bxd4 Bxg2 33. Kxg2 Nxd3 34. Nf3 h6 35. Kf1 Ke6 36. Ke2 Nc1+ 37. Ke3 Nb3 38. Bg7 Nf6 39. h3 a4 40. Bf8 Ne4 41. Bb4 Na5 42. Nd4+ Kd7 43. Bxa5 bxa5 44. g4 Nd6 45. c5 Nf7 46. gxf5 gxf5 47. Kf4 Ng5 48. Ke5 Nxh3 49. c6+ Kc7 50. Kd5 Nf4+ 51. Kc5 Nd3+ 52. Kb5 a3 53. Ne6+ Kc8 54. Nd4 a2 55. Nc2 h5 0-1